Normal view
MARC view
Entry Personal Name
001 - CONTROL NUMBER
- control field: 5215
003 - CONTROL NUMBER IDENTIFIER
- control field: OSt
005 - DATE AND TIME OF LATEST TRANSACTION
- control field: 20150608154446.0
008 - FIXED-LENGTH DATA ELEMENTS
- fixed length control field: 150608|| aca||aabn | a|a d
040 ## - CATALOGING SOURCE
- Original cataloging agency: OSt
- Transcribing agency: OSt
100 ## - HEADING--PERSONAL NAME
- Personal name: Brophy, Jere E.
670 ## - SOURCE DATA FOUND
- Source citation: Work cat.: (OSt)1996: Good, Thomas L., 1943- 5214, Educational psychology :, c1986.
